Five hundred mathematical challenges (Record no. 543441)
[ view plain ]
| 000 -LEADER | |
|---|---|
| fixed length control field | 00743cam a2200217 a 4500 |
| 082 04 - DEWEY DECIMAL CLASSIFICATION NUMBER | |
| Classification number | 510 |
| Author Mark | BAR |
| -- | L-39, P-170 |
| 100 1# - MAIN ENTRY--PERSONAL NAME | |
| Personal name | Barbeau, Edward, |
| 9 (RLIN) | 38801 |
| 245 10 - TITLE STATEMENT | |
| Title | Five hundred mathematical challenges |
| Statement of responsibility, etc. | Edward J. Barbeau, Murray S. Klamkin, William O.J. Moser. |
| 260 ## - PUBLICATION, DISTRIBUTION, ETC. | |
| Place of publication, distribution, etc. | [Washington, D.C.] : |
| Name of publisher, distributor, etc. | Mathematical Association of America, |
| Date of publication, distribution, etc. | c1995. |
| 300 ## - PHYSICAL DESCRIPTION | |
| Extent | xi, 227 p. : |
| Other physical details | ill. |
| 490 1# - SERIES STATEMENT | |
| Series statement | Spectrum series |
| 500 ## - GENERAL NOTE | |
| General note | Includes index. |
| 526 ## - STUDY PROGRAM INFORMATION NOTE | |
| Program name | 0 |
| Interest level | 0 |
| Reading level | 0 |
| Title point value | 510_000000000000000_BAR |
| 650 #0 - SUBJECT ADDED ENTRY--TOPICAL TERM | |
| Topical term or geographic name entry element | Mathematics |
| 650 #0 - SUBJECT ADDED ENTRY--TOPICAL TERM | |
| Topical term or geographic name entry element | MCE |
| 9 (RLIN) | 379 |
| 700 1# - ADDED ENTRY--PERSONAL NAME | |
| Personal name | Klamkin, Murray S. |
| 9 (RLIN) | 38802 |
| 700 1# - ADDED ENTRY--PERSONAL NAME | |
| Personal name | Moser, W. O. J. |
| 9 (RLIN) | 38803 |
| 710 2# - ADDED ENTRY--CORPORATE NAME | |
| Corporate name or jurisdiction name as entry element | ebrary, Inc. |
| 9 (RLIN) | 622 |
| 856 40 - ELECTRONIC LOCATION AND ACCESS | |
| Uniform Resource Identifier | <a href="http://www.columbia.edu/cgi-bin/cul/resolve?clio10580595">http://www.columbia.edu/cgi-bin/cul/resolve?clio10580595</a> |
| 942 ## - ADDED ENTRY ELEMENTS (KOHA) | |
| Source of classification or shelving scheme | |
| Koha item type | Book |
| Withdrawn status | Lost status | Source of classification or shelving scheme | Damaged status | Not for loan | Permanent Location | Current Location | Date acquired | Total Checkouts | Full call number | Barcode | Date last seen | Price effective from | Koha item type |
|---|---|---|---|---|---|---|---|---|---|---|---|---|---|
| Military College of Engineering (MCE) | Military College of Engineering (MCE) | 03/25/2014 | 510 BAR | MCE-42583 | 03/25/2014 | 03/25/2014 | Book |
